Teenage Sexuality : (Record no. 612552)

MARC details
000 -LEADER
fixed length control field 00502nam a2200193 a 4500
008 - FIXED-LENGTH DATA ELEMENTS--GENERAL INFORMATION
fixed length control field 260214s1998##################000#0#eng##
020 ## - INTERNATIONAL STANDARD BOOK NUMBER
ISBN 9789057023071
082 04 - DEWEY DECIMAL CLASSIFICATION NUMBER
Classification number 306.70835
Item number COL
100 1# - MAIN ENTRY--AUTHOR NAME
Personal name Coleman, John Christopher,
245 10 - TITLE STATEMENT
Title Teenage Sexuality :
260 ## - PUBLICATION, DISTRIBUTION, ETC. (IMPRINT)
Name of publisher Psychology Press,
Year of publication 1998.
300 ## - PHYSICAL DESCRIPTION
Number of Pages 218 pages
650 #0 - SUBJECT ADDED ENTRY--TOPICAL TERM
Topical Term Education.
942 ## - ADDED ENTRY ELEMENTS (KOHA)
Koha item type English Books
Holdings
Withdrawn status Lost status Damaged status Not for loan Home library Current library Shelving location Date acquired Full call number Accession Number Price effective from Koha item type
        Anna Centenary Library Anna Centenary Library 3RD FLOOR, B WING 14.02.2026 306.70835 COL 121639 14.02.2026 English Books

Find us on the map